MARC details
| 000 -CABECERA |
| campo de control de longitud fija |
01707nam a2200349 a 4500 |
| 001 - NÚMERO DE CONTROL |
| campo de control |
000039593 |
| 005 - FECHA Y HORA DE LA ÚLTIMA TRANSACCIÓN |
| campo de control |
20241130074013.0 |
| 008 - DATOS DE LONGITUD FIJA--INFORMACIÓN GENERAL |
| campo de control de longitud fija |
130708s2004 dr 001 e spa d |
| 020 ## - NÚMERO INTERNACIONAL ESTÁNDAR DEL LIBRO |
| Número Internacional Estándar del Libro |
9993496057 |
| 040 ## - FUENTE DE LA CATALOGACIÓN |
| Centro catalogador/agencia de origen |
DO-SdBNP |
| Lengua de catalogación |
spa |
| Centro/agencia transcriptor |
BNPHU |
| 082 ## - NÚMERO DE LA CLASIFICACIÓN DECIMAL DEWEY |
| Número de clasificación |
323.3231 |
| Número de documento/Ítem |
P438r |
| 100 1# - ENTRADA PRINCIPAL--NOMBRE DE PERSONA |
| Nombre de persona |
Pérez, Odalís |
| Fechas asociadas al nombre |
1952- |
| 9 (RLIN) |
23828 |
| 245 10 - MENCIÓN DE TÍTULO |
| Título |
República Dominicana. El mito político de las palabras / |
| Mención de responsabilidad, etc. |
Odalís G. Pérez. |
| 260 ## - PUBLICACIÓN, DISTRIBUCIÓN, ETC. |
| Lugar de publicación, distribución, etc. |
Santo Domingo : |
| Nombre del editor, distribuidor, etc. |
Manatí, |
| Fecha de publicación, distribución, etc. |
2004. |
| 300 ## - DESCRIPCIÓN FÍSICA |
| Extensión |
344 p. ; |
| Dimensiones |
24 cm. |
| 490 1# - MENCIÓN DE SERIE |
| Mención de serie |
Nueva visión del pensamiento dominicano ; |
| 490 1# - MENCIÓN DE SERIE |
| Mención de serie |
Identidades vivas ; |
| 500 ## - NOTA GENERAL |
| Nota general |
Incluye índice onomástico |
| 500 ## - NOTA GENERAL |
| Nota general |
Incluye datos biográficos del autor en la solapa de la cubierta. |
| 504 ## - NOTA DE BIBLIOGRAFÍA, ETC. |
| Nota de bibliografía, etc. |
Bibliografía : p. 329-339. |
| 505 0# - NOTA DE CONTENIDO CON FORMATO |
| Información miscelánea |
Introducción: El mito de la palabra política en República Dominicana -- |
| Título |
Los signos de la diferencia -- |
| -- |
Pensar desde la ruptura -- |
| -- |
El mito vaciado y viciado por el escritor -- |
| -- |
La miseria de la crítica literaria -- |
| -- |
Identidades, simulacros y errancia del pensamiento -- |
| Información miscelánea |
Conclusión: el presente de la mirada crítica -- |
| -- |
Bibliografía. |
| 590 ## - NOTA LOCAL (RLIN) |
| Nota local |
Inventariado, 2018/BT |
| 650 #0 - PUNTO DE ACCESO ADICIONAL DE MATERIA--TÉRMINO DE MATERIA |
| Término de materia o nombre geográfico como elemento de entrada |
Ensayos dominicanos |
| 9 (RLIN) |
65 |
| 650 #4 - PUNTO DE ACCESO ADICIONAL DE MATERIA--TÉRMINO DE MATERIA |
| Término de materia o nombre geográfico como elemento de entrada |
Intelectuales |
| Subdivisión general |
Actividad política |
| Subdivisión geográfica |
República Dominicana |
| 9 (RLIN) |
65758 |
| 650 #4 - PUNTO DE ACCESO ADICIONAL DE MATERIA--TÉRMINO DE MATERIA |
| Término de materia o nombre geográfico como elemento de entrada |
Cultura |
| Subdivisión geográfica |
República Dominicana |
| Subdivisión general |
Ensayos, conferencias, etc. |
| 9 (RLIN) |
27116 |
| 650 #0 - PUNTO DE ACCESO ADICIONAL DE MATERIA--TÉRMINO DE MATERIA |
| Término de materia o nombre geográfico como elemento de entrada |
Literatura dominicana. |
| 9 (RLIN) |
67 |
| 650 #4 - PUNTO DE ACCESO ADICIONAL DE MATERIA--TÉRMINO DE MATERIA |
| Término de materia o nombre geográfico como elemento de entrada |
Poder político |
| Subdivisión general |
Ensayos, conferencias, etc. |
| 9 (RLIN) |
65759 |
| 651 #4 - PUNTO DE ACCESO ADICIONAL DE MATERIA--NOMBRE GEOGRÁFICO |
| Nombre geográfico |
República Dominicana |
| Subdivisión general |
Vida Intelectual |
| -- |
Ensayos, Conferencias, Etc. |
| 9 (RLIN) |
10049 |
| 830 #0 - PUNTO DE ACCESO ADICIONAL DE SERIE-TÍTULO UNIFORME |
| Título uniforme |
Nueva visión del pensamiento dominicano : |
| 9 (RLIN) |
34156 |
| 830 #0 - PUNTO DE ACCESO ADICIONAL DE SERIE-TÍTULO UNIFORME |
| Título uniforme |
Identidades vivas ; |
| 9 (RLIN) |
65760 |
| 910 ## - DATOS DE OPCIÓN DEL USUARIO (OCLC) |
| Datos de opción del usuario |
Validado. Control de calidad. EMS |